000 01078cam a22002413a 4500
001 29788
003 PGUSA
005 20140828083638.0
008 090824s2009||||xxu|||||s|||||000 | eng d
040 _aPGUSA
_beng
042 _adc
050 4 _aQA
100 1 _aHadamard, Jacques,
_d1865-1963
245 1 0 _aFour Lectures on Mathematics, Delivered at Columbia University in 1911
_h[electronic resource] /
_cJacques Hadamard
260 _bProject Gutenberg,
_c2009
505 0 _aI. The definition of solutions of linear partial differential equations by boundary conditions -- II. Contemporary researches in differential equations, integral equations, and integro-differential equations -- III. Analysis situs in connection with correspondences and differential equations -- IV. Elementary solutions of partial differential equations and Green's functions.
506 _aPublic domain in the USA.
516 _aElectronic text
653 _aDifferential equations
830 0 _aProject Gutenberg
_v29788
856 4 0 _uhttp://www.gutenberg.org/ebooks/29788
942 _cEB
999 _c259043
_d259043